000 00800nam a2200265Ia 4500
003 OSt
005 20220925202038.0
006 a|||||r|||| 00| 0
007 ta
008 220923b |||||||| |||| 00| 0 eng d
020 _a0195632133
037 _cGeneral Book
040 _aRTL
_cRTL
_beng
041 _2eng
_aeng
082 _aY5927:47.2.N9, N3/TD
100 _aRobb Peter Ed.
_914247
245 0 _aDalit movements and the meaning of labour in India
260 _aDelhi
_bOxford University Press
_c1993
300 _aviii, 354p.
_ccm.
490 _aSchool of Oriental and African Studies, Studies on South Asia
650 _a Sociology
650 _aUntouchables
942 _hY5927:47.2.N9, N3/TD
_cGB
_2CC
999 _c542294
_d542294